<?xml version="1.0" encoding="UTF-8"?>
<record
    xmlns:xsi="http://www.w3.org/2001/XMLSchema-instance"
    xsi:schemaLocation="http://www.loc.gov/MARC21/slim http://www.loc.gov/standards/marcxml/schema/MARC21slim.xsd"
    xmlns="http://www.loc.gov/MARC21/slim">

  <leader>00848nam a22001697a 4500</leader>
  <controlfield tag="005">20260616114327.0</controlfield>
  <datafield tag="020" ind1=" " ind2=" ">
    <subfield code="a">9781544529905</subfield>
  </datafield>
  <datafield tag="041" ind1=" " ind2=" ">
    <subfield code="a">ENG</subfield>
  </datafield>
  <datafield tag="082" ind1=" " ind2=" ">
    <subfield code="a">658.4 </subfield>
    <subfield code="b">MCD</subfield>
  </datafield>
  <datafield tag="100" ind1=" " ind2=" ">
    <subfield code="a">McDowell, Kyle</subfield>
  </datafield>
  <datafield tag="245" ind1=" " ind2=" ">
    <subfield code="a">Begin with we :</subfield>
    <subfield code="b">10 principles for building and sustaining a culture of excellence /</subfield>
    <subfield code="c">Kyle McDowell</subfield>
  </datafield>
  <datafield tag="260" ind1=" " ind2=" ">
    <subfield code="a">USA :</subfield>
    <subfield code="b">Lioncrest Publication,</subfield>
    <subfield code="c">2022.</subfield>
  </datafield>
  <datafield tag="300" ind1=" " ind2=" ">
    <subfield code="a">321 pages ;</subfield>
    <subfield code="c">24 cm.</subfield>
  </datafield>
  <datafield tag="505" ind1=" " ind2=" ">
    <subfield code="a">1. WE do the right thing. Always. -- 2. WE lead by example. -- 3. WE say what WE're going to do. Then WE do it. -- 4. WE take action. -- 5. WE own our mistakes. -- 6. WE pick each other up. -- 7. WE measure ourselves by outcomes, not activity. -- 8. WE challenge each other. Diplomatically. -- 9. WE embrace challenge. -- 10. WE obsess over details. Details matter. A lot.</subfield>
  </datafield>
  <datafield tag="650" ind1=" " ind2=" ">
    <subfield code="a">Executive management</subfield>
  </datafield>
  <datafield tag="942" ind1=" " ind2=" ">
    <subfield code="2">ddc</subfield>
    <subfield code="c">BK</subfield>
  </datafield>
  <datafield tag="999" ind1=" " ind2=" ">
    <subfield code="c">24365</subfield>
    <subfield code="d">24365</subfield>
  </datafield>
  <datafield tag="952" ind1=" " ind2=" ">
    <subfield code="0">0</subfield>
    <subfield code="1">0</subfield>
    <subfield code="2">ddc</subfield>
    <subfield code="4">0</subfield>
    <subfield code="7">0</subfield>
    <subfield code="a">IPE</subfield>
    <subfield code="b">IPE</subfield>
    <subfield code="c">S Campus</subfield>
    <subfield code="d">2026-06-16</subfield>
    <subfield code="e">Feel Books Pvt. Ltd.</subfield>
    <subfield code="g">2605.68</subfield>
    <subfield code="i">20-04-2026</subfield>
    <subfield code="l">0</subfield>
    <subfield code="o">658.4  MCD</subfield>
    <subfield code="p">51063</subfield>
    <subfield code="r">2026-06-16 11:44:52</subfield>
    <subfield code="w">2026-06-16</subfield>
    <subfield code="y">BK</subfield>
  </datafield>
</record>
